00656cam a22002057a 4500003000500000005001700005008004100022010001000063011001000073035001000083040000900093082001800102100002000120245011700140260004300257300002000300650003000320650001100350711008900361CHAP20220329135039.0971013s1964 r 00010 d a30077 a31049 a35161 cCHAP a581.3325bL5500aLinskens, H. F. 0aPollen physiology and fertilizationb: A symposium held at University of Nijmegen, The Netherlands august, 1963. aAmsterdan :bNorth-Holland Pub.,c1964 a257 p.b: ilus.14aPlantasxFertilización.14aPolen.0 aInternational Symposium Pollen Physiology and Fertilizationn(1 :d1963 :cNijmegen)